000 00878cam a22002294a 4500
001 1214676
005 20250222122405.0
008 990701s2000 ilu 000 0 eng
020 _a0809226154
050 0 0 _aRG525
_b.G51378 2000
082 0 0 _a618.2/4
_221
100 1 _aGoldberg, Bonni.
245 1 4 _aThe spirit of pregnancy :
_ban interactive anthology for your journey to motherhood /
_cBonni Goldberg.
260 _aLincolnwood, IL :
_bContemporary books,
_cc2000.
300 _axvi, 256 p. ;
_c22 cm.
650 0 _aPregnancy
_vPopular works.
650 0 _aPregnant women
_xPsychological aspects.
650 0 _aMotherhood
_vPopular works.
856 4 2 _3Publisher description
_uhttp://www.loc.gov/catdir/description/mh023/99038815.html
856 4 2 _3Contributor biographical information
_uhttp://www.loc.gov/catdir/enhancements/fy1012/99038815-b.html
942 _2lcc
_cBK
_n0
999 _c4129
_d4129